Ensiklopedia sihir : sejak zaman harut dan marut sehingga sekarang

Main Author: Ibrahim Kamal Adam, Dr. (Author)
Corporate Author: Panel Editor Al-Hidayah
Other Authors: Abdul Rachman Saleh Siregar
Published: Batu Caves, Selangpr: Al-Hidayah, [2018].
Subjects:
LEADER 00959cam a2200265 7i4500
001 0000134475
005 20200106090000.0
008 200106s2018 my # ### #00001may##
020 # # |a 9789674393205  
040 # # |a UMT 
090 0 0 |a BP 166.89   |b .I27 2018 
100 0 # |a Ibrahim Kamal Adam,   |c Dr.   |e author  
245 1 0 |a Ensiklopedia sihir :   |b sejak zaman harut dan marut sehingga sekarang   |c Dr. Ibrahim Kamal Adam ; penterjemah: Abdul Rachman Saleh Siregar M.A ; Editor: Panel Editor Al-Hidayah. 
264 # 1 |a Batu Caves, Selangpr:   |b Al-Hidayah,   |c [2018]. 
300 # # |a xii, 483 pages;   |c 26 cm. 
336 # # |a text  |2 rdacontent 
337 # # |a unmediated  |2 rdamedia 
338 # # |a volume  |2 rdacarrier 
590 # # |a Fakulti Perikanan dan Sains Makanan 
650 0 0 |a Devil --   |x Islam  
650 0 0 |a Jinn  
650 0 0 |a Islamic magic  
700 0 # |a Abdul Rachman Saleh Siregar  
710 2 # |a Panel Editor Al-Hidayah  
999 |a 1100108523  |b Book  |c Open Shelf  |e KOLEKSI TERBUKA